Mechanical engineering design / (Record no. 1683)

MARC details
000 -LEADER
fixed length control field 00620cam a2200205 4500
001 - CONTROL NUMBER
control field 2139
005 - DATE AND TIME OF LATEST TRANSACTION
control field 20181127164626.0
008 - FIXED-LENGTH DATA ELEMENTS--GENERAL INFORMATION
fixed length control field 880407s1989 nyua 001 0 eng
010 ## - LIBRARY OF CONGRESS CONTROL NUMBER
LC control number 88012698
020 ## - INTERNATIONAL STANDARD BOOK NUMBER
International Standard Book Number 0070568995
Terms of availability
100 1# - MAIN ENTRY--PERSONAL NAME
Personal name Shigley, Joseph Edward.
245 10 - TITLE STATEMENT
Title Mechanical engineering design /
Statement of responsibility, etc. Joseph Edward Shigley, Charles R. Mischke.
250 ## - EDITION STATEMENT
Edition statement 5th ed.
260 ## - PUBLICATION, DISTRIBUTION, ETC.
Place of publication, distribution, etc. New York :
Name of publisher, distributor, etc. McGraw-Hill,
Date of publication, distribution, etc. c1989.
300 ## - PHYSICAL DESCRIPTION
Extent xxv, 779 p. :
Other physical details ill. ;
Dimensions 24 cm.
440 #0 - SERIES STATEMENT/ADDED ENTRY--TITLE
Title McGraw-Hill series in mechanical engineering
500 ## - GENERAL NOTE
General note Includes index.
650 #0 - SUBJECT ADDED ENTRY--TOPICAL TERM
Topical term or geographic name entry element Machine design.
700 1# - ADDED ENTRY--PERSONAL NAME
Personal name Mischke, Charles R.
Holdings
Withdrawn status Lost status Source of classification or shelving scheme Damaged status Not for loan Collection code Home library Current library Shelving location Serial Enumeration / chronology Inventory number Total Checkouts Full call number Barcode Date last seen Price effective from Koha item type
    Dewey Decimal Classification     Main TEST RTC Library RTC Library Main opac 2617   621.8 SHI 30003234 27/11/2018 27/11/2018 Main
Royal Thimphu College || All Right Reserved